=LDR 00000nam 2200000 4500 =001 INLIS000000000059550 =005 20211116111103 =035 ##$$a 0010-1121000287 =007 ta =008 211116###########################0###### =020 ##$$a 978-979-010-569-0 =082 ##$$a 294.59 =084 ##$$a 294.59 Yaj y =245 1#$$a Yajur Weda : $b [Weda Sruti] /$c Gede Pudja =250 ##$$a Cet.1 =300 ##$$a 177 hlm ; $c 18cm =600 #4$$a Kitab Weda =264 ##$$a jakarta :$b Depertemen Agama RI.,$c 1985 =336 ##$$a teks$2 rdacontent =337 ##$$a lain-lain$2 rdamedia =338 ##$$a lain-lain$2 rdacarrier =990 ##$$a 30243024